000 00712nam a2200289Ia 4500
005 20260324143653.0
008 008 260324s9999 xx 000 0 eng d
020 _a9781315580951
037 _aEBOOK
040 _aCRL
040 _beng
040 _cCRL
041 _2eng
041 _aeng
084 _qCRL
100 _aW. Boyd Rayward
_91162594
245 0 _aEuropean Modernism and the Information Society
245 0 _bInforming the Present, Understanding the Past
260 _bTaylor and Francis
260 _c1991
365 _a
365 _b240
856 _uhttp://www.taylorfrancis.com/books/9781315580951
942 _cEBOOK
999 _c1822164
_d1822164